| 000 | 00777 a2200241 4500 | ||
|---|---|---|---|
| 003 | OSt | ||
| 005 | 20210818181505.0 | ||
| 008 | 161025b xxu||||| |||| 00| 0 eng d | ||
| 020 | _a9789583043499 | ||
| 040 | _bEspañol | ||
| 041 | _aspa | ||
| 082 |
_a100 _bB685g |
||
| 100 |
_949242 _aBoizard, Sophie |
||
| 245 |
_aLos grandes filósofos hablan a los pequeños filósofos _c Sophie Boizard, ilustrador Laurent Audouin |
||
| 260 |
_aBogotá _bPanamericana _c2014 |
||
| 300 |
_a72 páginas; _c23cm _bIlustraciones; |
||
| 504 | _aContiene bibliografía | ||
| 650 | 0 |
_915776 _aFilosofia |
|
| 650 | 0 |
_949533 _aValores _xFilosofía |
|
| 650 | 0 |
_948375 _aValores Sociales |
|
| 700 |
_949243 _aAudouin,Laurent |
||
| 942 |
_2ddc _h100 B685g _k100 _mB685g |
||
| 999 |
_c10782 _d10782 |
||